Images That Start with 'B' Quiz Stats

 Plays Quiz Updated Nov 8, 2017

Challenge
Share
Tweet
Score 0/20 Timer 03:00
8 Plays Today
% Correct
basketball
98.2%
blueberries
97.7%
brick
97.6%
brownie
95.8%
balloon
94.8%
Beetle
93.1%
broccoli
92.7%
bison
92.6%
banjo
92.4%
beagle
87.8%
% Correct
Brazil
84.8%
bulldozer
81.6%
bonnet
78.7%
baboon
76.8%
bologna
73.2%
buoy
68.5%
bassoon
66.8%
boa
65.9%
baton
64.3%
badger
29.8%

You're not logged in!

Compare scores with friends on all Sporcle quizzes.
OR
Log In

You Might Also Like...

Show Comments

Extras

Top Quizzes Today


Score Distribution

Your Account Isn't Verified!

In order to create a playlist on Sporcle, you need to verify the email address you used during registration. Go to your Sporcle Settings to finish the process.

Report this User

Report this user for behavior that violates our Community Guidelines.

Details: